Riconosci il Pokémon - Quiz n°858 - Statistics

Statistiche generali
  • Questo quiz è stato fatto 1 volte
  • Il punteggio medio è 6 su 10
Statistiche sulle risposte
Indizio Risposta % Corretto
Peso 215,0 kg
100%
Altezza 2,3 m
100%
Tipo Acqua / Drago
100%
Abilità Assorbacqua; Ferromascella; Remasabbia
100%
Generazione Ottava
100%
Sesso Sconosciuto
100%
Tasso di cattura 45 (11.9%)
0%
Pokémon Dracovish
0%
Tasso di allevamento Lento
0%
Stadio evoluzione Non si evolve
0%
Nessun quiz corrispondente trovato
Distribuzione punteggi
Percentuale di utenti per punteggio
Percentile per numero di risposta
I tuoi punteggi nel tempo
Non hai fatto questo quiz